Stereoselective synthesis of drugs and natural products
Salvato in:
| Altri autori: | , |
|---|---|
| Natura: | Libro |
| Lingua: | inglese |
| Pubblicazione: |
Hoboken, New Jersey
Wiley
2013.
|
| Soggetti: | |
| Accesso online: | Visualizza in OPAC |
| Tags: |
Nessun Tag, puoi essere il primo ad aggiungerne!!
|
MARC
| LEADER | 00000cam a22000008i 4500 | ||
|---|---|---|---|
| 005 | 20260127134204.0 | ||
| 008 | 131204s2013 nju 001 0 eng | ||
| 010 | |a 2012-048287 | ||
| 020 | |a 9781118032176 (cloth) | ||
| 035 | |a vtls010562577 | ||
| 039 | 9 | |a 201312041049 |b mschk03 |c 201312041043 |d mschk03 |c 201312041043 |d mschk03 |y 201312041023 |z mschk03 | |
| 040 | |a DLC |b eng |c DLC |d STUSCHK1 |e rda | ||
| 042 | |a pcc | ||
| 080 | 0 | 0 | |a 615.1/9 |2 23 |
| 245 | 0 | 0 | |a Stereoselective synthesis of drugs and natural products |c edited by Vasyl Andrushko, Natalia Andrushko, Karlsruhe, Germany. |
| 260 | 1 | |a Hoboken, New Jersey |b Wiley |c 2013. | |
| 300 | |a Vol. 1., xxxi, 857 p. |b ill. |2 6 cm | ||
| 336 | |a text |2 rdacontent | ||
| 337 | |a unmediated |2 rdamedia | ||
| 500 | |a Includes index. | ||
| 650 | 0 | |a Chiral drugs. | |
| 650 | 0 | |a Drug development. | |
| 650 | 0 | |a Molecular pharmacology. | |
| 700 | 1 | |a Andrushko, Vasyl |d 1976- |4 edt. of compilation. | |
| 700 | 1 | |a Andrushko, Natalia |4 edt. of compilation. | |
| 776 | 0 | 8 | |i Online version: |t Stereoselective synthesis of drugs and natural products |d Hoboken, New Jersey : Wiley, [2013] |z 9781118628331 |w (DLC) 2013000938 |
| 910 | |a SCHK95 | ||
| 919 | |a 978-1-118-03217-6 | ||
| 925 | 0 | |a acquire |b 2 shelf copies |x policy default | |
| 955 | |d th92 2013-01-03 |w rd13 2013-01-08 | ||
| 963 | |a Elizabeth Vigier; phone: 201-748-6577; email: evigier@wiley.com; bc: ccopy@wiley.com | ||
| 999 | |c 6241 |d 6241 | ||